00854nam a2200181Ia 4500008004100000020001500041050001500056100003000071245026600101260007400367300003500441650002100476650003500497650004000532700002800572700003600600700003600636120721s1999 mx ad 000 0 spa d a968842815904aT211 bA3510aAboites A., Jaimee autor10aInnovación : propiedad intelectual y estrategias tecnológicasb: propiedad intelectual y estrategias tecnológicas : la experiencia de la economía mexicana c/ Jaime Aboites A., Manuel Soria ; con la colaboración de Obdulia Aguilera y Juan Pavel León aMéxicob: UAM, Unidad Xochimilco bMiguel Ángel Porrúac, 1999 a191 páginasb: ilustraciones14aPATENTESzMEXICO24aPROPIEDAD INDUSTRIALzMÉXICO24aINNOVACIONES TECNOLÓGICASzMEXICO aSoria L., Manueleautor aAguilera, Obduliaecolaboradora aPavel León, Juanecolaborador